|
|
|
|
| LEADER |
01040nam a2200325 a 4500 |
| 001 |
000561647 |
| 003 |
CZ BrMZK |
| 005 |
20081211094907.0 |
| 007 |
ta |
| 008 |
000115s2000 xr cze d |
| 015 |
|
|
|a cnb001000928
|
| 020 |
|
|
|a 80-7218-400-8
|
| 035 |
|
|
|a (OCoLC)38762521
|
| 040 |
|
|
|a BOA001
|b cze
|
| 072 |
|
7 |
|a 821.111(73)-3
|x Americká próza
|2 Konspekt
|9 25
|
| 080 |
|
|
|a 821.111(73)-31
|2 MRF
|
| 080 |
|
|
|a (0:82-31)
|2 MRF
|
| 100 |
1 |
|
|a Stone, Katherine,
|d 1949-
|7 jn20011101012
|
| 245 |
1 |
0 |
|a Perlový měsíc /
|c Katherine Stoneová ; [z angličtiny přeložila Lenka Koutská]
|
| 250 |
|
|
|a Vyd. 2.
|
| 260 |
|
|
|a Frýdek-Místek :
|b Alpress,
|c 2000
|
| 300 |
|
|
|a 464 s. ;
|c 20 cm
|
| 490 |
1 |
|
|a Klokan (Alpress)
|
| 655 |
|
7 |
|a americké romány
|7 fd131796
|2 czenas
|
| 700 |
1 |
|
|a Koutská, Lenka
|7 jn20001227669
|
| 765 |
0 |
|
|t Pearl moon
|
| 830 |
|
0 |
|a Klokan (Alpress)
|0 s
|
| 910 |
|
|
|a BOA001
|b 2-1086.353
|
| 990 |
|
|
|a BK
|
| 996 |
6 |
|
|b 2610136469
|c 2-1086.353
|l MZK
|r Sklad / do 1 hodiny
|n 8
|p p.v.
|w 000561647
|u 000010
|a 1
|e BOA001
|j MZK50
|s P
|